000 00547nam a22002057a 4500
003 OSt
005 20250308172948.0
008 250308b |||||||| |||| 00| 0 eng d
020 _a818550248
040 _cCU
050 _aHD57
100 _aDubrin, Andrew J.
245 _aLeadership;
_bResearch findinds, practice, and skills
250 _a2nd
260 _aNew Delhi
_bAll India Publishers and Distributers, Regd
_c2002
300 _axvii, 442p
_bill.;
500 _ainclude index
700 _aDurbin, Andrew J.
942 _2lcc
_cBK
_e2nd
_n0
999 _c4608
_d4608